=LDR 00000nam 2200000 4500 =001 INLIS000000000019380 =005 20130612114440 =008 ***********************************Ind** =035 ##$$0010-061300000019380 =041 ##$$a Ind =082 ##$$a 336.2 =090 ##$$a 336.2, Mar p =100 ##$$a Mardiasmo =245 ##$$a Perpajakan, Prof. Dr. Mardiasmo =260 ##$$a 1005 $b Yogyakarta =300 ##$$a xxiii, 313 hlm, 22 cm =650 ##$$a Pajak dan Perpajakan =850 ##$$a NBPNMAT